000 00765cab a2200253 4500
001 WB3401-20
008 090401t1998 xxu||||| |||| 00| 0 eng d
035 _a(Sirsi) u82967
041 _aeng
245 _aPrefabs get listed status
260 _c1998
350 _a0
490 _aIndependent
_v6 January 1998, 9
490 _aFinancial Times
_v7 January 1998, 12(2)
520 _aSixteen prefab bungalows built in 1945 have been made listed buildings. The bungalows of the Phoenix type were built under the wartime Temporary Housing Act.
650 _aENGLISH HERITAGE
650 _aLISTED BUILDINGS
650 _aPHOENIX
650 _aPREFABRICATED HOUSING
650 _aPREFABS
690 _aCONSERVATION
942 _n0
948 _c06/01/1998
999 _c52404
_d52404